NEUROBEHAVIORAL DISORDERS A CLINICAL APPROACH (Record no. 12191)
[ view plain ]
| 000 -LEADER | |
|---|---|
| fixed length control field | 00282nam a22001217a 4500 |
| 003 - CONTROL NUMBER IDENTIFIER | |
| control field | SGT |
| 082 ## - DEWEY DECIMAL CLASSIFICATION NUMBER | |
| Classification number | 610.7368 |
| Item number | N90S |
| 100 ## - MAIN ENTRY--PERSONAL NAME | |
| Personal name | STRUB, RICHARD L. |
| 245 ## - TITLE STATEMENT | |
| Title | NEUROBEHAVIORAL DISORDERS A CLINICAL APPROACH |
| 260 ## - PUBLICATION, DISTRIBUTION, ETC. (IMPRINT) | |
| Place of publication, distribution, etc | INDIA |
| Name of publisher, distributor, etc | JAYPEE |
| Year of Publication | 1990 |
| 300 ## - PAGE DESCRIPTION | |
| No. of Pages | 507 |
| 942 ## - ADDED ENTRY ELEMENTS (KOHA) | |
| Source of classification or shelving scheme | Dewey Decimal Classification |
| Koha item type | Books |
| Withdrawn status | Lost status | Source of classification or shelving scheme | Damaged status | Not for loan | Collection code | Home library | Current library | Shelving location | Date acquired | Vendor Name | Cost, normal purchase price | SGTU | Bill Number | Total Checkouts | Full call number | Accession No. (Barcode) | Date last seen | Bill Date | Koha item type |
|---|---|---|---|---|---|---|---|---|---|---|---|---|---|---|---|---|---|---|---|
| Dewey Decimal Classification | NURSING | SGT Medical Library | SGT Medical Library | Text Book | 05/07/2017 | ABC | 650.00 | SGTU | 7424 | 610.7368 N90S | FN3589 | 05/07/2017 | 04/11/2016 | Books | |||||
| Dewey Decimal Classification | NURSING | SGT Medical Library | SGT Medical Library | Text Book | 05/07/2017 | ABC | 650.00 | SGTU | 7424 | 610.7368 N90S | FN3590 | 05/07/2017 | 04/11/2016 | Books | |||||
| Dewey Decimal Classification | NURSING | SGT Medical Library | SGT Medical Library | Text Book | 05/07/2017 | ABC | 650.00 | SGTU | 7424 | 610.7368 N90S | FN3591 | 05/07/2017 | 04/11/2016 | Books |